000 00362nam a2200145Ia 4500
008 240729s9999 xx 000 0 und d
022 _a2645-8586
245 0 _aNepalese Medical Journal
260 _aNepal
260 _bHEAD Nepal
650 _aMedicine
856 _uhttps://doaj.org/toc/ae0b39f5a63b46fe954206370d633fe7
942 _2ddc
942 _cDOAJEJ
999 _c70754
_d70754
945 _a1
_bMadushi Gamage
_c1
_dMadushi Gamage